| 000 | 00508nam a2200169Ia 4500 | ||
|---|---|---|---|
| 008 | 151021s9999 xx 000 0 und d | ||
| 020 | _a130994057 | ||
| 050 | _aRJ245 .P4414 2003 | ||
| 245 | _a_Pedriatic Nursing Caring for children.-3rd ed. Jane W.Ball | ||
| 260 | _aNew Jersey Pearson Education 2003 | ||
| 300 | _axxxvii,984p.;ill | ||
| 500 | _aIncludes index. | ||
| 500 | _aIncludes index. | ||
| 650 | _a_Padiatric nursing | ||
| 700 | _a_Ruth C.Bindler | ||
| 980 | _a^d20130520 11:20:14^oanne | ||
| 999 |
_c13477 _d13477 |
||